旧国名の付くJR駅 - Statistics

General Stats
  • This quiz has been taken 718 times
    657 since last reset
  • The average score is 92 of 428
Answer Stats
Answer % Correct
武蔵小杉
76%
上総一ノ宮
72%
安房鴨川
72%
武蔵小金井
68%
天塩中川
66%
尾張一宮
66%
越後湯沢
65%
三河安城
64%
近江八幡
62%
武蔵浦和
61%
伯耆大山
60%
常陸大宮
59%
下総中山
59%
武蔵境
59%
常陸太田
58%
石狩沼田
57%
美濃太田
57%
武蔵中原
56%
羽後本荘
55%
下総松崎
55%
武蔵溝ノ口
55%
信濃大町
54%
備後落合
54%
摂津富田
53%
十勝清水
51%
武蔵新城
51%
近江塩津
51%
上総湊
50%
備中高梁
50%
羽前千歳
49%
駿河小山
49%
近江今津
49%
常陸多賀
48%
甲斐大和
48%
飛騨古川
48%
上総亀山
47%
安房小湊
47%
武蔵五日市
47%
筑後船小屋
47%
三河三谷
45%
越前大野
45%
摂津本山
45%
下総神崎
44%
陸前原ノ町
43%
下野大沢
43%
紀伊勝浦
43%
常陸大子
42%
越後川口
42%
紀伊田辺
42%
阿波池田
42%
伊予西条
42%
筑前前原
42%
近江舞子
41%
伊豆多賀
40%
和泉府中
40%
肥前鹿島
40%
越後中里
38%
越前花堂
38%
土佐山田
38%
渡島砂原
37%
陸奥横浜
37%
三河大塚
37%
越中八尾
37%
上総興津
36%
安房天津
36%
三河塩津
36%
近江長岡
36%
備中神代
36%
伊勢奥津
35%
播磨新宮
35%
下総橘
34%
武蔵増戸
34%
和泉砂川
34%
陸前山王
33%
武蔵引田
33%
出雲横田
33%
武蔵白石
32%
信濃境
32%
紀伊長島
32%
近江高島
32%
山城多賀
32%
伊予大洲
32%
豊後竹田
32%
磐城石川
31%
肥前浜
31%
渡島当別
30%
陸中折居
30%
陸前落合
30%
相模金子
30%
美濃赤坂
30%
和泉鳥取
30%
備中高松
30%
肥後大津
30%
陸中大橋
29%
武蔵高萩
29%
若狭高浜
29%
伊予三島
29%
陸前小野
28%
羽前椿
28%
磐城太田
28%
越後石山
28%
甲斐小泉
28%
飛騨一ノ宮
28%
加賀笠間
28%
山城青谷
28%
長門本山
28%
伊予北条
28%
陸前高砂
27%
磐城棚倉
27%
下総豊里
27%
甲斐大泉
27%
陸前赤井
26%
羽前山辺
26%
下野花岡
26%
飛騨金山
26%
紀伊中ノ島
26%
大和小泉
26%
備前片上
26%
備後庄原
26%
渡島沼尻
25%
陸中川井
25%
陸前山下
25%
磐城塙
25%
越後堀之内
25%
近江中庄
25%
美作落合
25%
豊後森
25%
安房勝山
24%
越後曽根
24%
三河一宮
24%
河内磐船
24%
讃岐塩屋
24%
羽前長崎
23%
因幡社
23%
備前西市
23%
陸中夏井
22%
羽後境
22%
飛騨小坂
22%
丹波大山
22%
出雲神西
22%
讃岐白鳥
22%
陸奥鶴田
21%
陸中門崎
21%
羽前前波
21%
羽前中山
21%
越後寒川
21%
丹波竹田
21%
伯耆溝口
21%
美作加茂
21%
備後赤坂
21%
安芸中野
21%
阿波海南
21%
肥前旭
21%
陸中八木
20%
陸前大塚
20%
越後赤塚
20%
信濃松川
20%
飛騨萩原
20%
紀伊有田
20%
美作河井
20%
備中川面
20%
讃岐財田
20%
筑前深江
20%
陸前豊里
19%
羽前大山
19%
羽前金沢
19%
羽前小松
19%
磐城浅川
19%
若狭和田
19%
出雲坂根
19%
美作追分
19%
陸中松川
18%
陸前稲井
18%
陸前白沢
18%
陸前浜田
18%
羽前豊里
18%
羽後四ツ屋
18%
磐城石井
18%
常陸青柳
18%
常陸鴻巣
18%
常陸津田
18%
上総清川
18%
越後大島
18%
越後下関
18%
甲斐大島
18%
信濃川上
18%
飛騨国府
18%
紀伊新庄
18%
紀伊日置
18%
越中中川
18%
河内堅上
18%
播磨高岡
18%
讃岐津田
18%
伊予長浜
18%
土佐一宮
18%
筑前大分
18%
筑後吉井
18%
肥前竜王
18%
陸奥湊
17%
羽前高松
17%
羽前水沢
17%
羽後岩谷
17%
上総松丘
17%
甲斐上野
17%
紀伊姫
17%
紀伊由良
17%
能登二宮
17%
若狭本郷
17%
和泉橋本
17%
備前一宮
17%
備中箕島
17%
周防高森
17%
土佐久礼
17%
土佐大正
17%
豊前善光寺
17%
日向新富
17%
陸奥森田
16%
陸前富山
16%
陸前谷地
16%
羽後牛島
16%
羽後亀田
16%
越後滝谷
16%
越後田中
16%
甲斐岩間
16%
信濃川島
16%
三河大野
16%
三河川合
16%
三河槙原
16%
紀伊内原
16%
大和新庄
16%
石見津田
16%
美作江見
16%
肥前大浦
16%
肥前白石
16%
羽前松岡
15%
越後片貝
15%
越後金丸
15%
紀伊富田
15%
越中国分
15%
備後西城
15%
長門三隅
15%
阿波川島
15%
大隅大川原
15%
陸奥岩崎
14%
羽後飯塚
14%
羽後長野
14%
越後岩塚
14%
越後須原
14%
越後田沢
14%
越後早川
14%
甲斐常葉
14%
信濃浅野
14%
信濃森上
14%
尾張森岡
14%
紀伊市木
14%
備前福河
14%
讃岐府中
14%
筑前植木
14%
筑前垣生
14%
豊前川崎
14%
肥前麓
14%
大隅夏井
14%
陸奥沢辺
13%
陸奥白浜
13%
陸中大里
13%
陸中中野
13%
羽前沼沢
13%
磐城常葉
13%
磐城守山
13%
越後岩沢
13%
越後広瀬
13%
越後水沢
13%
三河東郷
13%
伊勢鎌倉
13%
紀伊佐野
13%
紀伊宮原
13%
若狭有田
13%
出雲三成
13%
美作土居
13%
備前田井
13%
備前三門
13%
安芸阿賀
13%
長門湯本
13%
讃岐相生
13%
讃岐牟礼
13%
阿波富田
13%
伊予小松
13%
伊予吉田
13%
土佐大津
13%
土佐北川
13%
土佐昭和
13%
肥前七浦
13%
陸奥赤石
12%
陸奥柳田
12%
越後広田
12%
信濃木崎
12%
飛騨宮田
12%
美濃川合
12%
伊勢柏崎
12%
紀伊浦神
12%
紀伊小倉
12%
越前下山
12%
播磨徳久
12%
美作千代
12%
美作滝尾
12%
備前原
12%
周防花岡
12%
長門二見
12%
阿波大宮
12%
伊予上灘
12%
伊予中山
12%
伊予氷見
12%
土佐長岡
12%
豊前松江
12%
越後鹿渡
11%
信濃白鳥
11%
信濃平
11%
信濃常盤
11%
伊勢八太
11%
伊勢八知
11%
紀伊井田
11%
紀伊天満
11%
紀伊山田
11%
越前田野
11%
大和二見
11%
出雲大東
11%
石見福光
11%
石見横田
11%
美作大崎
11%
備中広瀬
11%
備後三日市
11%
備後八幡
11%
周防下郷
11%
長門粟野
11%
長門大井
11%
長門古市
11%
阿波加茂
11%
伊予寒川
11%
伊予和気
11%
土佐穴内
11%
豊前長洲
11%
肥前飯田
11%
肥前古賀
11%
日向長井
11%
薩摩今和泉
11%
甲斐住吉
10%
飛騨細江
10%
紀伊田原
10%
越中山田
10%
越前大宮
10%
越前高田
10%
越前東郷
10%
備後本庄
10%
備後矢野
10%
安芸長束
10%
阿波川口
10%
阿波山川
10%
伊予土居
10%
筑前内野
10%
筑前山家
10%
筑後大石
10%
豊後豊岡
10%
肥前長田
10%
日向住吉
10%
薩摩板敷
10%
薩摩松元
10%
大隅横川
10%
紀伊長田
9%
越前薬師
9%
出雲八代
9%
備前片岡
9%
安芸幸崎
9%
安芸矢口
9%
周防久保
9%
長門長沢
9%
阿波大谷
9%
阿波橘
9%
阿波半田
9%
伊予出石
9%
伊予桜井
9%
伊予富田
9%
伊予宮野下
9%
伊予横田
9%
筑前岩屋
9%
筑前庄内
9%
筑前山手
9%
豊後荻
9%
豊後中村
9%
薩摩塩屋
9%
伊勢大井
8%
伊勢川口
8%
越前富田
8%
備後三川
8%
備後安田
8%
安芸長浜
8%
周防佐山
8%
阿波赤石
8%
阿波川端
8%
伊予大平
8%
伊予亀岡
8%
伊予平野
8%
土佐岩原
8%
筑後草野
8%
豊後国分
8%
豊後中川
8%
肥後伊倉
8%
日向大束
8%
日向沓掛
8%
薩摩川尻
8%
伊勢竹原
7%
安芸川尻
7%
阿波中島
7%
阿波福井
7%
伊予石城
7%
伊予立川
7%
伊予三芳
7%
土佐加茂
7%
肥前久保
7%
伊予白滝
6%
土佐新荘
6%
豊前桝田
6%
豊後清川
6%
豊後三芳
6%
肥前長野
6%
日向北方
6%
日向前田
5%
肥後長浜
4%
日向庄内
4%
No matching quizzes found
Score Distribution
Percent of People with Each Score
Percentile by Number Answered
Your Score History
You have not taken this quiz since the last reset